01382nab a22002657a 4500999001500000003000400015005001700019008004100036040001100077100002600088245011000114260007300224300001300297500015400310505019900464505008900663650003600752650002900788650003200817650003500849650003500884650003300919773015100952942001301103 c5313d5313OSt20250218120525.0190603e xxum|||| |||| 00| 0 spa d cPJ-TDF 94640aMuñiz, Carlos13aRealidades, anomalías y ficciones del consentimiento médico informado en Argentina /cCarlos Muñiz. cCiudad Autónoma de Buenos Aires :aThomson Reuters La Ley, b2024. ap. 19-29 aCita: TR LALEY AR/DOC/1986/2024. Publicado en: R.C.C. y C. 2024 (Septiembre-Octubre). EDICIÓN ESPECIAL: XXIX Jornadas Nacionales de Derecho Civil. aSumario: I. Introducción.— II. Consentimiento informado: breve definición y características esenciales según la normativa argentina. Cuestiones problemáticas.— III. Conclusiones.  t¿Te interesa el texto completo? Solicitalo al correo: koha@justierradelfuego.gov.ar 093271aPERSONAS CON DISCAPACIDAD 091253aDERECHO A LA SALUD 091270aDERECHOS DEL PACIENTE 094273aCONSENTIMIENTO INFORMADO 093713aRESPONSABILIDAD MÉDICA 093951aDEBER DE INFORMACIÓN0 0271393170dCiudad Autónoma de Buenos Aires : Thomson Reuters La Ley, 2015-tRevista Código Civil y Comercial. Nº 5 - Septiembre-Octubre 2024 2udccANA